50 des plus grands Opéras - Statistiques

Statistiques générales
  • Ce quiz a été pris 68 fois
  • Le résultat moyen est 15 sur 50
Statistiques - réponses
Compositeur (Nationalité) Pièce % Correct
Georges Bizet (FR) Carmen
93%
Wolfgang Amadeus Mozart La Flûte Enchantée
79%
Giuseppe Verdi La Traviata
68%
Wolfgang Amadeus Mozart Les noces de Figaro
68%
Giacomo Puccini Madame Butterfly
65%
Gioachino Rossini Le Barbier de Séville
63%
Giacomo Puccini Tosca
63%
Wolfgang Amadeus Mozart Don Giovanni
61%
Charles Gounod (FR) Faust
60%
Ludwig van Beethoven (ALL) Fidelio
53%
Giuseppe Verdi Aida
47%
Giacomo Puccini La Bohème
47%
Vincenzo Bellini Norma
46%
Giuseppe Verdi (IT) Rigoletto
46%
Giacomo Puccini Turandot
44%
Claude Debussy (FR) Pelléas et Mélisande
39%
Léo Delibes (FR) Lakmé
35%
Giuseppe Verdi Il trovatore
33%
Jacques Offenbach (ALL) Les Contes d'Hoffmann
33%
Piotr Ilitch Tchaïkovski (RU) Eugène Onéguine
30%
Richard Wagner La Walkyrie
30%
Claudio Monteverdi (IT) L’Orfeo, favola in musica
28%
Camille Saint-Saëns (FR) Samson et Dalila
26%
Hector Berlioz (FR) La Damnation de Faust
25%
Christoph Willibald Ritter von Gluck Orphée et Eurydice
25%
Jules Massenet Thaïs
23%
Richard Strauss (ALL) Salomé
21%
Richard Wagner (ALL) Le Vaisseau fantôme
19%
Gaetano Donizetti Lucia di Lammermoor
19%
Modeste Moussorgski (RU) Boris Godounov
18%
Pietro Mascagni (IT) Cavalleria rusticana
16%
Gioachino Rossini La Cenerentola
16%
Vincenzo Bellini (IT) La sonnambula
16%
Gaetano Donizetti (IT) L'elisir d’amore
16%
Maurice Ravel (FR) L'Enfant Et Les Sortilèges
16%
Wolfgang Amadeus Mozart (AUT) L'Enlèvement au sérail
16%
Ruggero Leoncavallo (IT) Pagliacci
16%
Henry Purcell (ANG) Dido and Æneas
12%
Jules Massenet (FR) Werther
12%
Alban Maria Johannes Berg (AUT) Wozzeck
12%
Giacomo Puccini (IT) Manon Lescault
11%
Georg Friedrich Haendel Ariodante
9%
Carl Maria von Weber (ALL) Der Freischütz
9%
Gioachino Rossini (IT) L'Italienne à Alger
9%
Alfredo Catalani (IT) La Wally
7%
Franco Alfano (IT) Cyrano de Bergerac
5%
Jean-Philippe Rameau (FR) Hippolyte et Aricie
5%
Charles Gounod Mireille
5%
Giuseppe Verdi Un Bal Masqué
5%
Giuseppe Verdi Ottelo
0%
Aucun quiz correspondant
Distribution des résultats
% des personnes avec chaque résultat
Percentile par nombre de réponses
Votre historique - résultats
Vous n’avez pas pris ce quiz